La educación en el arte posmoderno.
সংরক্ষণ করুন:
| প্রধান লেখক: | |
|---|---|
| অন্যান্য লেখক: | , , |
| বিন্যাস: | গ্রন্থ |
| প্রকাশিত: |
Barcelona, España:
Paidós,
2003.
|
| মালা: | Arte y Educación,
|
| বিষয়গুলি: | |
| ট্যাগগুলো: |
ট্যাগ যুক্ত করুন
কোনো ট্যাগ নেই, প্রথমজন হিসাবে ট্যাগ করুন!
|
MARC
| LEADER | 00000nam a22000007a 4500 | ||
|---|---|---|---|
| 003 | CL-VaPUC | ||
| 005 | 20250321101935.0 | ||
| 008 | 250127t2003 ||||| |||| 00| 0 eng d | ||
| 999 | |c 446848 |d 446846 | ||
| 020 | |a 84-493-1422-4 | ||
| 040 | |c Pontificia Universidad Católica de Valparaíso | ||
| 082 | |a 700.71 EFL 2003 | ||
| 100 | |9 895906 |a Efland, Arthur D. |e autor | ||
| 245 | |a La educación en el arte posmoderno. | ||
| 260 | |a Barcelona, España: |b Paidós, |c 2003. | ||
| 300 | |a 237 páginas. | ||
| 490 | |a Arte y Educación, |n 07. | ||
| 500 | |a c.1. Instituto Arcos.08-01-2025. | ||
| 583 | |c 20250127 |k Gabriela Rodríguez Cuevas | ||
| 650 | 0 | |9 265238 |a Arte |x Enseñanza |y Siglo 20 | |
| 650 | 0 | |9 269035 |a Educación artística |y Siglo 20 | |
| 650 | 0 | |9 330532 |a Posmodernismo |x Aspectos educativos | |
| 650 | 0 | |9 435149 |a Multiculturalismo |x Arte | |
| 700 | |9 895907 |a Freedman, Kerry |e autor | ||
| 700 | |9 895908 |a Stuhr, Patricia |e autora | ||
| 700 | |9 895909 |a Vermal, Lucas |e traductor | ||
| 942 | |2 ddc |c BK |n 0 | ||
| 952 | |0 0 |1 0 |2 ddc |4 0 |6 700_710000000000000_EFL_2003 |7 0 |9 600016 |a BIBINC |b BIBINC |c GEN |d 2025-01-27 |e Instituto Arcos |i 5664833 |o 700.71 EFL 2003 |p 5664833 |r 2025-01-27 |t 1 |w 2025-01-27 |y BK |k IFP | ||